000 01379cam a2200373 ab4500
999 _c3720
_d3720
001 2345370
003 OSt
005 20241003091129.0
008 211222t20152011enk j 000 1 eng d
020 _a9781406360271
020 _a1406360279
040 _aATIOC
_beng
_cATIOC
_dATIOC
_dCWJ
_dOCLCF
_dATMAZ
_dTCPL
_dKH8
_eaacr2
042 _anbic
082 _aFIC HOR
100 1 _aHorowitz, Anthony,
_d1955-
_eauthor.
245 1 0 _aScorpia rising /
_cAnthony Horowitz.
260 _aLondon :
_bWalker Books,
_c2015.
300 _a381 pages ;
_c20 cm.
490 1 _aAlex Rider ;
_vbk 9.
500 _aFirst published 2011 by Walker Books Ltd, London.
520 _aWhen the world's deadliest terrorist organization, Scorpia, stirs up trouble in the Middle East, it is up to fourteen-year-old MI6 agent Alex Rider to thwart their plans.
600 1 0 _aRider, Alex
_c(Fictitious character)
_vJuvenile fiction.
610 1 0 _aGreat Britain.
_bMI6
_vJuvenile fiction.
650 0 _aSpy stories.
650 0 _aTerrorism
_vJuvenile fiction.
650 0 _aOrphans
_vJuvenile fiction.
650 0 _aTeenage boys
_vJuvenile fiction.
650 0 _aAdventure stories.
651 0 _aLondon (England)
_vJuvenile fiction.
651 0 _aEngland
_vJuvenile fiction.
800 1 _aHorowitz, Anthony,
_d1955-
_tAlex Rider adventure ;
_v9.
830 0 _aAlex Rider ;
_vbk 9.
942 _2ddc
_cFIC